[Event "Team Russia"]
[Site "Petergof"]
[Date "2015.08.02"]
[Round "2.45"]
[White "Navrodskiy, Boris"]
[Black "Pak, Alexander"]
[Result "1/2-1/2"]
[WhiteElo "2035"]
[BlackElo "2196"]
[PlyCount "80"]
[EventDate "2015.08.??"]
[EventType "team-swiss"]

1. d4 d5 2. c4 c6 3. Nc3 dxc4 4. Nf3 b5 5. a4 b4 6. Ne4 Nf6 7. Nxf6+ exf6 8. e3
Be6 9. Bd2 c5 10. Rc1 Nd7 11. Bxc4 Bxc4 12. Rxc4 a5 13. dxc5 Nxc5 14. O-O Be7
15. Qc2 Ne6 16. Rd1 Qb8 17. Bc1 O-O 18. b3 Qb7 19. Bb2 Rfc8 20. Rc1 Rxc4 21.
Qxc4 Bc5 22. Nd4 Bxd4 23. Bxd4 Rd8 24. h3 h6 25. Rd1 f5 26. Qc2 f4 27. Qf5 fxe3
28. fxe3 Rd5 29. Qe4 Qd7 30. Kh1 f5 31. Qc2 f4 32. Rf1 Nxd4 33. exd4 Rxd4 34.
Qc5 Rd1 35. Qc4+ Kh8 36. Qxf4 Rxf1+ 37. Qxf1 Qd5 38. Qb1 Kg8 39. Qc2 Kf7 40.
Qf2+ Kg8 1/2-1/2

[Event "Team Russia"]
[Site "Petergof"]
[Date "2015.08.02"]
[Round "2.46"]
[White "Yeritsyan, Aram"]
[Black "German, Nikita"]
[Result "1/2-1/2"]
[WhiteElo "2117"]
[BlackElo "1987"]
[PlyCount "125"]
[EventDate "2015.08.??"]
[EventType "team-swiss"]

1. e4 c5 2. Nf3 e6 3. d4 cxd4 4. Nxd4 a6 5. Bd3 Qc7 6. O-O Nf6 7. Qe2 Bd6 8. h3
Nc6 9. Be3 Be5 10. c3 d5 11. Nd2 dxe4 12. Nxe4 Nd5 13. Nxc6 Qxc6 14. Bd2 Nf4
15. Bxf4 Bxf4 16. Qf3 e5 17. Rad1 O-O 18. Nd2 Qh6 19. Nc4 Rb8 20. Nd6 Bd7 21.
Be4 b5 22. Bd5 Be6 23. Bxe6 Qxe6 24. Qd5 Qg6 25. Ne4 Kh8 26. Nc5 Rbc8 27. Nd7
Rfe8 28. Rfe1 e4 29. Nc5 f5 30. Nb3 e3 31. fxe3 Bxe3+ 32. Kh1 h6 33. Nd4 f4 34.
Nf3 Kh7 35. Qd3 Re6 36. Qxg6+ Kxg6 37. Nd4 Ree8 38. Nc2 Bf2 39. Rxe8 Rxe8 40.
Nd4 Rd8 41. Rd2 Be3 42. Re2 Kf6 43. Nf3 Kf5 44. Rc2 Rd1+ 45. Kh2 g5 46. b3 Ke4
47. c4 Kd3 48. Rb2 Kc3 49. Re2 bxc4 50. bxc4 h5 51. g3 fxg3+ 52. Kxg3 Bf4+ 53.
Kg2 Kxc4 54. Re4+ Kd3 55. Ra4 Rb1 56. Ra3+ Ke4 57. Ra4+ Kd5 58. Ra5+ Rb5 59.
Rxa6 Rb2+ 60. Kf1 Ke4 61. Ng1 Be3 62. Ra4+ Kf5 63. Ne2 1/2-1/2

[Event "Team Russia"]
[Site "Petergof"]
[Date "2015.08.02"]
[Round "2.47"]
[White "Antonian, Grant"]
[Black "Arkhipkin, Ilya"]
[Result "0-1"]
[WhiteElo "1869"]
[BlackElo "1974"]
[PlyCount "86"]
[EventDate "2015.08.??"]
[EventType "team-swiss"]

1. d4 d5 2. c4 c6 3. Nc3 Nf6 4. Nf3 dxc4 5. a4 e6 6. e3 c5 7. Bxc4 Nc6 8. O-O
cxd4 9. exd4 Be7 10. Qe2 O-O 11. Rd1 Nb4 12. Ne5 Bd7 13. Qf3 Bc6 14. Qg3 Kh8
15. Be3 Nbd5 16. Bd3 Rc8 17. Bg5 Qe8 18. Qh4 g6 19. Re1 Ng8 20. Bxe7 Qxe7 21.
Qg3 Ngf6 22. Ne4 Nxe4 23. Bxe4 Rfd8 24. Qf3 Kg7 25. Nxc6 bxc6 26. h3 Qb4 27. b3
Qxd4 28. Red1 Qb4 29. Rac1 a5 30. Rc4 Qb7 31. Rdc1 Kg8 32. Rc5 f5 33. Bxd5 cxd5
34. Qe3 Qd7 35. Rxc8 Rxc8 36. Rxc8+ Qxc8 37. Qb6 Qc1+ 38. Kh2 Qe1 39. Qd8+ Kf7
40. f4 Qb4 41. Qc7+ Kg8 42. Qc8+ Kg7 43. Qc7+ Kh6 0-1

[Event "Team Russia"]
[Site "Petergof"]
[Date "2015.08.02"]
[Round "2.49"]
[White "Abramov, Nikita"]
[Black "Gogin, Maksim"]
[Result "0-1"]
[WhiteElo "2269"]
[BlackElo "2183"]
[PlyCount "89"]
[EventDate "2015.08.??"]
[EventType "team-swiss"]

1. e4 c5 2. Nf3 e6 3. d4 cxd4 4. Nxd4 a6 5. c4 Nf6 6. Nc3 Qc7 7. a3 b6 8. Be3
Bb7 9. f3 d6 10. Be2 Nbd7 11. O-O Rc8 12. Rc1 Be7 13. Qd2 O-O 14. Rfd1 Qb8 15.
Kh1 Bd8 16. Bg1 Bc7 17. Rb1 Qa8 18. b4 Rfd8 19. Nb3 Ne5 20. Qa2 Re8 21. Bf1 g5
22. Qd2 h6 23. c5 bxc5 24. bxc5 d5 25. exd5 Nxd5 26. Nxd5 Bxd5 27. f4 Red8 28.
Nd4 Ng6 29. fxg5 Bf4 30. Be3 hxg5 31. Qf2 e5 32. Ne2 Kg7 33. Bxf4 gxf4 34. Nc3
Bc6 35. Kg1 e4 36. Qb2 Kg8 37. Qb6 e3 38. Bc4 Ne5 39. Rxd8+ Rxd8 40. Qc7 f3 41.
Bf1 Re8 42. Rb2 f2+ 43. Rxf2 exf2+ 44. Kxf2 Qb8 45. Qa5 0-1

[Event "Team Russia"]
[Site "Petergof"]
[Date "2015.08.02"]
[Round "2.50"]
[White "Zakharikov, Ivan"]
[Black "Kuzmin, Egor"]
[Result "0-1"]
[WhiteElo "1971"]
[BlackElo "2290"]
[PlyCount "106"]
[EventDate "2015.08.??"]
[EventType "team-swiss"]

1. e4 c5 2. Nf3 d6 3. Bb5+ Bd7 4. Bxd7+ Nxd7 5. O-O Ngf6 6. Qe2 Rc8 7. b3 g6 8.
Bb2 Bg7 9. c4 O-O 10. d4 cxd4 11. Nxd4 Qa5 12. Nc3 Rfe8 13. Rfd1 a6 14. Qd2 Qh5
15. f3 Bh6 16. Qf2 Ne5 17. h3 Nc6 18. Nd5 Nxd5 19. exd5 Nxd4 20. Qxd4 f6 21.
Re1 Qf5 22. Qe4 Bf4 23. a4 Kf7 24. Rad1 Bg3 25. Re2 Qxe4 26. fxe4 b5 27. cxb5
axb5 28. Bd4 bxa4 29. bxa4 Rc4 30. a5 Ra4 31. Bb6 Rc8 32. Rf1 Rcc4 33. Rd1 Be5
34. Kf1 Rcb4 35. Kf2 Bc3 36. Rc2 Rc4 37. Kf3 f5 38. exf5 gxf5 39. Rd3 Rf4+ 40.
Ke2 Bxa5 41. Bxa5 Rxa5 42. Ke3 Re4+ 43. Kf3 Raa4 44. Rcd2 h5 45. Kg3 Kf6 46.
Kf3 Ke5 47. g3 h4 48. gxh4 Rxh4 49. Kf2 Rh7 50. Kg3 Rah4 51. Re2+ Re4 52. Red2
f4+ 53. Kf2 Re3 0-1

[Event "Team Russia"]
[Site "Petergof"]
[Date "2015.08.02"]
[Round "2.51"]
[White "Kuznetsov, Felix"]
[Black "Skafar, Darya"]
[Result "1-0"]
[WhiteElo "2201"]
[BlackElo "1974"]
[PlyCount "89"]
[EventDate "2015.08.??"]
[EventType "team-swiss"]

1. e4 e5 2. Nf3 Nc6 3. Bc4 Bc5 4. c3 Nf6 5. d3 d6 6. O-O O-O 7. h3 h6 8. Nbd2
a6 9. Bb3 Ba7 10. Re1 Re8 11. Nc4 b5 12. Ne3 Na5 13. Bc2 Bb7 14. b4 Nc6 15. Nf5
Kh7 16. N3h4 Ne7 17. Nxe7 Qxe7 18. Nf5 Qd8 19. Qf3 Bc8 20. Bb3 Bxf5 21. Qxf5+
g6 22. Qf3 Kg7 23. a4 Rh8 24. Kh1 c5 25. axb5 axb5 26. Be3 Bb6 27. Qg3 Nh5 28.
Qg4 Nf6 29. Qe2 Qc7 30. bxc5 dxc5 31. Rxa8 Rxa8 32. Qd2 Rh8 33. f4 Nh5 34. fxe5
Qxe5 35. g4 Nf6 36. Bf4 Qe7 37. e5 Qb7+ 38. Kh2 Ne8 39. Rf1 h5 40. Bh6+ Rxh6
41. Rxf7+ Qxf7 42. Bxf7 hxg4 43. Bxe8 Rxh3+ 44. Kg2 Bc7 45. Qg5 1-0

[Event "Team Russia"]
[Site "Petergof"]
[Date "2015.08.02"]
[Round "2.52"]
[White "Solozhenkina, Elizaveta"]
[Black "Vorobyova, Ekaterina"]
[Result "1-0"]
[WhiteElo "2052"]
[BlackElo "1673"]
[PlyCount "51"]
[EventDate "2015.08.??"]
[EventType "team-swiss"]

1. e4 e5 2. Nf3 Nc6 3. Nc3 Nf6 4. Bb5 Nd4 5. Bc4 Nxf3+ 6. gxf3 Bc5 7. d3 c6 8.
Rg1 Rg8 9. Qe2 d6 10. f4 Bd7 11. fxe5 dxe5 12. Rg5 Qe7 13. f4 Bd6 14. fxe5 Bxe5
15. Bd2 h6 16. Rg1 O-O-O 17. O-O-O Ne8 18. Qf2 Nd6 19. Qxa7 Nxc4 20. dxc4 Bxh2
21. Na4 Be6 22. Qa8+ Kd7 23. Bg5+ Kc7 24. Qa5+ Kc8 25. Bxe7 Rxd1+ 26. Rxd1 1-0

[Event "Team Russia"]
[Site "Petergof"]
[Date "2015.08.02"]
[Round "2.53"]
[White "Khramov, Andrey"]
[Black "Panov, Maksim"]
[Result "0-1"]
[WhiteElo "2060"]
[BlackElo "2187"]
[PlyCount "90"]
[EventDate "2015.08.??"]
[EventType "team-swiss"]

1. e4 d5 2. exd5 Nf6 3. Nf3 Nxd5 4. d4 g6 5. c4 Nb6 6. Nc3 Bg7 7. c5 Nd5 8. Bc4
Nxc3 9. bxc3 O-O 10. O-O Nc6 11. Re1 Bg4 12. Rb1 e5 13. d5 Na5 14. Bf1 e4 15.
Rb4 Bf5 16. Nd4 Qxd5 17. Rb5 Nc6 18. Nxf5 Qxf5 19. Rxb7 Bxc3 20. Re2 Be5 21.
Bb2 Rad8 22. Qa4 Nd4 23. Bxd4 Rxd4 24. Qc2 Rfd8 25. Rxa7 R8d5 26. h3 Rxc5 27.
Qb1 Kg7 28. Ra8 Rb5 29. Qc2 Bd6 30. Re8 Re5 31. Rxe5 Qxe5 32. g3 f5 33. Bg2 h5
34. f4 Qd5 35. h4 Rd3 36. Kh2 g5 37. Qb2+ Kh7 38. hxg5 h4 39. Qf6 Kg8 40. Rb2
hxg3+ 41. Kh3 Qf7 42. Rb8+ Bf8 43. Qh6 Rd6 44. g6 Qg7 45. Rxf8+ Kxf8 0-1

[Event "Team Russia"]
[Site "Petergof"]
[Date "2015.08.02"]
[Round "2.54"]
[White "Radzhabov, Rodion"]
[Black "Azimov, Ilyas"]
[Result "0-1"]
[WhiteElo "2128"]
[BlackElo "2058"]
[PlyCount "48"]
[EventDate "2015.08.??"]
[EventType "team-swiss"]

1. e4 c5 2. Nf3 d6 3. d4 Nf6 4. Nc3 cxd4 5. Qxd4 Nc6 6. Bb5 Bd7 7. Bxc6 Bxc6 8.
Bg5 e6 9. O-O-O Be7 10. Qd3 O-O 11. Nd4 h6 12. Bd2 Qb6 13. f4 d5 14. e5 Ne4 15.
Nxc6 Qxc6 16. Nxe4 dxe4 17. Qc3 Qa6 18. Qb3 Rfd8 19. Be3 Qe2 20. Rde1 Qa6 21.
Rd1 Qe2 22. Rde1 Qa6 23. Bf2 Qc6 24. Re2 Rd3 0-1

[Event "Team Russia"]
[Site "Petergof"]
[Date "2015.08.02"]
[Round "2.55"]
[White "Petrushev, Nikita"]
[Black "Polosin, Evgeni"]
[Result "0-1"]
[WhiteElo "2060"]
[BlackElo "2034"]
[PlyCount "80"]
[EventDate "2015.08.??"]
[EventType "team-swiss"]

1. e4 e5 2. Nf3 Nc6 3. Bb5 Nge7 4. Nc3 a6 5. Bc4 Ng6 6. d4 exd4 7. Nxd4 Be7 8.
Nf5 Bf6 9. Nd5 d6 10. Nfe3 Bd4 11. c3 Ba7 12. Qc2 Nce5 13. Bf1 c6 14. Nb4 a5
15. Nd3 O-O 16. Nxe5 Nxe5 17. Be2 d5 18. exd5 cxd5 19. O-O Be6 20. Rd1 Qf6 21.
Bd3 h5 22. Be2 h4 23. h3 Rfe8 24. Ng4 Nxg4 25. Bxg4 Bxg4 26. hxg4 Re4 27. g5
Qf5 28. Be3 Bxe3 29. fxe3 Qxg5 30. Qf2 h3 31. g3 Rxe3 32. Kh2 Rae8 33. Re1 R3e4
34. Rxe4 Rxe4 35. Re1 Qg4 36. Rxe4 dxe4 37. a4 Qf3 38. Qxf3 exf3 39. Kxh3 f5
40. b4 Kf7 0-1

[Event "Team Russia"]
[Site "Petergof"]
[Date "2015.08.02"]
[Round "2.56"]
[White "Shnayder, Violetta"]
[Black "Rybakova, Polina"]
[Result "1/2-1/2"]
[WhiteElo "1932"]
[BlackElo "1926"]
[PlyCount "132"]
[EventDate "2015.08.??"]
[EventType "team-swiss"]

1. Nf3 Nf6 2. c4 g6 3. Nc3 Bg7 4. e4 d6 5. d4 O-O 6. Be2 e5 7. dxe5 dxe5 8.
Qxd8 Rxd8 9. Bg5 Re8 10. Rd1 Bg4 11. O-O c6 12. Rd6 Nbd7 13. h3 Bxf3 14. Bxf3
h6 15. Be3 Bf8 16. Rd2 Nc5 17. b4 Ne6 18. c5 a5 19. a3 axb4 20. axb4 Ra3 21.
Rc1 Rb3 22. b5 Nxc5 23. Bxc5 Bxc5 24. bxc6 bxc6 25. Na4 Bd4 26. Rxc6 Kg7 27.
Rdc2 Ra8 28. Nc3 Ra1+ 29. Kh2 Re1 30. Kg3 Bxc3 31. R2xc3 Rxc3 32. Rxc3 Nxe4+
33. Bxe4 Rxe4 34. Kf3 Rf4+ 35. Ke3 h5 36. g3 Ra4 37. h4 Kf6 38. Kf3 Kf5 39. Rb3
f6 40. Rc3 g5 41. hxg5 Kxg5 42. Re3 h4 43. gxh4+ Rxh4 44. Ke2 Kf5 45. Rf3+ Rf4
46. Rh3 Kg4 47. Rg3+ Kf5 48. Rh3 Re4+ 49. Kf3 Ra4 50. Rh5+ Kg6 51. Rh8 Kg5 52.
Ke3 f5 53. Rg8+ Kf6 54. Rf8+ Kg6 55. Re8 Ra3+ 56. Ke2 e4 57. Rg8+ Kf6 58. Rf8+
Kg5 59. Rb8 Kf4 60. Rb2 Rh3 61. Ra2 Rh2 62. Ra3 Ke5 63. Ra5+ Kf6 64. Ra8 Kg5
65. Rg8+ Kf4 66. Rg3 Ke5 1/2-1/2

[Event "Team Russia"]
[Site "Petergof"]
[Date "2015.08.03"]
[Round "3.1"]
[White "Oparin, Grigoriy"]
[Black "Savenkov, Konstantin"]
[Result "1-0"]
[WhiteElo "2564"]
[BlackElo "2296"]
[PlyCount "104"]
[EventDate "2015.08.??"]
[EventType "team-swiss"]
[WhiteClock "0:11:56"]
[BlackClock "0:05:24"]

1. e4 c5 2. Nf3 e6 3. d4 cxd4 4. Nxd4 a6 5. c4 Nf6 6. Nc3 Bb4 7. Qd3 Nc6 8.
Nxc6 dxc6 9. e5 Qxd3 10. Bxd3 Nd7 11. Bf4 Nc5 12. Bc2 b6 13. O-O-O Bxc3 14.
bxc3 a5 15. Rd6 Ba6 16. Rxc6 Bxc4 17. Rxb6 O-O 18. a3 Rfc8 19. Rd1 Bd5 20. f3
h6 21. Rd4 Nd7 22. Rd6 Nf8 23. Bd2 Rc5 24. h4 Ng6 25. Bxg6 fxg6 26. Rd7 Rb8 27.
Rg4 Kh7 28. Rf4 Rb7 29. Rxb7 Bxb7 30. Rf7 Bd5 31. Rf8 g5 32. hxg5 hxg5 33. Kc2
Kg6 34. Be3 Rb5 35. Rc8 Bb7 36. Rc7 Rxe5 37. Bd4 Re2+ 38. Kd3 Ba6+ 39. c4 Rxg2
40. Rxg7+ Kf5 41. Rf7+ Kg6 42. Rg7+ Kf5 43. Ra7 Bc8 44. Ke3 Rc2 45. Rxa5+ Kg6
46. Kd3 Rc1 47. Be3 Rf1 48. Ke2 Ra1 49. Rxg5+ Kf7 50. Ra5 Ke8 51. Ra7 Rb1 52.
Kd3 Bb7 1-0

[Event "Team Russia"]
[Site "Petergof"]
[Date "2015.08.03"]
[Round "3.2"]
[White "Yeletsky, Ivan"]
[Black "Zakhartsov, Vladimir"]
[Result "0-1"]
[WhiteElo "2338"]
[BlackElo "2453"]
[PlyCount "76"]
[EventDate "2015.08.??"]
[EventType "team-swiss"]
[WhiteClock "0:01:30"]
[BlackClock "0:42:39"]

1. e4 c5 2. Nf3 d6 3. d4 Nf6 4. dxc5 Qa5+ 5. Nfd2 Qxc5 6. Nc3 a6 7. Nc4 Nbd7 8.
a4 Qc6 9. f3 b6 10. Bf4 Bb7 11. Qd2 g6 12. Bh6 Bxh6 13. Qxh6 Qc5 14. Be2 Rc8
15. Rd1 Bc6 16. Nd2 b5 17. Nb3 Qb6 18. axb5 axb5 19. Rd4 Nc5 20. Qd2 O-O 21.
Rb4 Na6 22. Rd4 Ra8 23. Nd5 Bxd5 24. exd5 Nc7 25. h4 Ra4 26. h5 Rxd4 27. Nxd4
Ncxd5 28. hxg6 fxg6 29. Nxb5 Ra8 30. Nc3 Ne3 31. Bd1 Ra1 32. Qe2 d5 33. Kd2 d4
34. Nb5 Qc5 35. c3 Nc4+ 36. Kd3 Ne5+ 37. Kd2 d3 38. Qe1 Nc4+ 0-1

[Event "Team Russia"]
[Site "Petergof"]
[Date "2015.08.03"]
[Round "3.3"]
[White "Vavulin, Maksim"]
[Black "Smirnov, Timofey"]
[Result "1-0"]
[WhiteElo "2435"]
[BlackElo "2297"]
[PlyCount "71"]
[EventDate "2015.08.??"]
[EventType "team-swiss"]
[WhiteClock "0:02:46"]
[BlackClock "0:07:29"]

1. e4 c5 2. Be2 e6 3. f4 d5 4. d3 Nc6 5. Nf3 Nf6 6. e5 Nd7 7. O-O Be7 8. c4 Nb6
9. Be3 O-O 10. Bf2 f6 11. Nc3 fxe5 12. fxe5 Rf5 13. Bg3 Bd7 14. Nb5 Be8 15. a4
a6 16. Nd6 Bxd6 17. exd6 Nc8 18. Qd2 d4 19. Bh4 Qd7 20. Ng5 Bg6 21. Bg4 Rxf1+
22. Rxf1 Bf5 23. Bh5 Nxd6 24. g4 Bg6 25. Bxg6 hxg6 26. Qe2 e5 27. Qg2 Nb4 28.
Be1 Rf8 29. Bxb4 Rxf1+ 30. Kxf1 cxb4 31. Qd5+ Kf8 32. c5 Qxg4 33. Qxd6+ Ke8 34.
Qb8+ Ke7 35. Qxb7+ Kf6 36. Ne4+ 1-0

[Event "Team Russia"]
[Site "Petergof"]
[Date "2015.08.03"]
[Round "3.4"]
[White "Borisova, Ekaterina"]
[Black "Kisteneva, Liza"]
[Result "0-1"]
[WhiteElo "2004"]
[BlackElo "2069"]
[PlyCount "104"]
[EventDate "2015.08.??"]
[EventType "team-swiss"]
[WhiteClock "0:04:35"]
[BlackClock "0:03:36"]

1. e4 c5 2. Nf3 Nc6 3. d4 cxd4 4. Nxd4 Qb6 5. Nb3 Nf6 6. Nc3 e6 7. Be3 Qc7 8.
Be2 Bb4 9. f3 d5 10. O-O O-O 11. Nb5 Qd8 12. c3 Be7 13. Qc2 a6 14. N5d4 Qc7 15.
Nxc6 bxc6 16. c4 Bd6 17. h3 Nh5 18. Bf2 Bh2+ 19. Kh1 Ng3+ 20. Bxg3 Bxg3 21.
Rfd1 Qe5 22. Na5 Bd7 23. c5 Rfb8 24. Rab1 Qc7 25. b4 Bh4 26. Bd3 g6 27. Qe2 Bc8
28. exd5 cxd5 29. Rf1 Be7 30. a3 Bd7 31. c6 Bc8 32. Rfc1 Qg3 33. Qe1 Qf4 34.
Qg1 Bd6 35. Be2 Qg3 36. Rb3 Bf4 37. Rc5 Ra7 38. Rc2 Rc7 39. Rbc3 d4 40. Rc4 e5
41. Bf1 Be6 42. Nb7 Be3 43. Qh2 Qe1 44. Qxe5 Qxf1+ 45. Kh2 Rbc8 46. Nd6 Qe1 47.
Qe4 Bxc4 48. Rxc4 Rd8 49. Ne8 Bg1+ 50. Kh1 Qxe4 51. Nf6+ Kg7 52. Nxe4 Be3 0-1

[Event "Team Russia"]
[Site "Petergof"]
[Date "2015.08.03"]
[Round "3.5"]
[White "Ermolaev, Evgeny"]
[Black "Drygalov, Andrey"]
[Result "0-1"]
[WhiteElo "2296"]
[BlackElo "2309"]
[PlyCount "40"]
[EventDate "2015.08.??"]
[EventType "team-swiss"]
[WhiteClock "0:13:10"]
[BlackClock "0:16:23"]

1. e4 c5 2. Nf3 e6 3. d4 cxd4 4. Nxd4 a6 5. Nc3 Qc7 6. Bd3 Nf6 7. O-O Nc6 8.
Nxc6 dxc6 9. f4 e5 10. Kh1 Bc5 11. Qf3 Ng4 12. Bd2 h5 13. f5 Bd7 14. Bg5 f6 15.
Bh4 O-O-O 16. Rfe1 g6 17. Bc4 gxf5 18. g3 Nf2+ 19. Kg1 fxe4 20. Qe2 Bg4 0-1

[Event "Team Russia"]
[Site "Petergof"]
[Date "2015.08.03"]
[Round "3.6"]
[White "Drygalov, Sergey"]
[Black "Shilyaev, Fedor"]
[Result "0-1"]
[WhiteElo "2362"]
[BlackElo "2148"]
[PlyCount "105"]
[EventDate "2015.08.??"]
[EventType "team-swiss"]
[WhiteClock "0:00:45"]
[BlackClock "0:01:20"]

1. d4 Nf6 2. c4 g6 3. Nf3 Bg7 4. g3 d6 5. Bg2 O-O 6. O-O c5 7. d5 e6 8. Nc3
exd5 9. cxd5 a6 10. a4 Re8 11. Nd2 Nbd7 12. h3 Rb8 13. Nc4 Nb6 14. Na3 Bd7 15.
e4 Nc8 16. Qd3 b5 17. axb5 axb5 18. Naxb5 Bxb5 19. Nxb5 Nd7 20. Qe2 Qb6 21. Nc3
Qb7 22. Kh2 Ncb6 23. Nb5 Nc8 24. Nc3 Ncb6 25. Rd1 Nf6 26. Qb5 Qe7 27. Qf1 Rec8
28. f4 c4 29. Be3 Nbd7 30. Ra4 Rxb2 31. Rxc4 Rcb8 32. Rd2 Rxd2 33. Bxd2 Nc5 34.
Be3 Nfd7 35. Na4 Nxa4 36. Rxa4 h6 37. Rc4 Rb3 38. Qc1 Nb6 39. Rc7 Nd7 40. Bd2
Rb6 41. Be3 Rb3 42. Qc6 Rxe3 43. Rxd7 Qf6 44. Rxd6 Qb2 45. Rd8+ Kh7 46. Qe8 h5
47. Rb8 Qf2 48. Rb1 Qxg3+ 49. Kh1 Re2 50. Rg1 Qxf4 51. Rf1 Qg3 52. Rg1 Rf2 53.
Qe6 0-1

[Event "Team Russia"]
[Site "Petergof"]
[Date "2015.08.03"]
[Round "3.7"]
[White "Russkikh, Nikita"]
[Black "Salemgareev, Tagir"]
[Result "1/2-1/2"]
[WhiteElo "2060"]
[BlackElo "2050"]
[PlyCount "82"]
[EventDate "2015.08.??"]
[EventType "team-swiss"]
[WhiteClock "0:41:42"]
[BlackClock "0:15:13"]

1. e4 c5 2. Nf3 d6 3. Bb5+ Bd7 4. Bxd7+ Qxd7 5. O-O Nf6 6. Re1 Nc6 7. c3 e6 8.
d4 cxd4 9. Nxd4 Be7 10. c4 O-O 11. Nc3 Rac8 12. b3 Rfd8 13. Bb2 a6 14. Nxc6
Qxc6 15. Qe2 Bf8 16. Rad1 Ne8 17. f4 Nc7 18. f5 b5 19. fxe6 fxe6 20. cxb5 Nxb5
21. Nxb5 axb5 22. Bd4 d5 23. exd5 exd5 24. Qg4 Re8 25. Rxe8 Rxe8 26. Rf1 g6 27.
Qf3 Qe6 28. a4 bxa4 29. bxa4 Bg7 30. Bxg7 Kxg7 31. Qc3+ Kg8 32. Qd4 Ra8 33. Ra1
Ra6 34. a5 Rxa5 35. Rb1 Ra8 36. Rd1 Rd8 37. h3 h5 38. Kh1 Rd7 39. Kg1 Kh7 40.
Kh1 Kg8 41. Kg1 Rd8 1/2-1/2

[Event "Team Russia"]
[Site "Petergof"]
[Date "2015.08.03"]
[Round "3.8"]
[White "Alekseeva, Irina"]
[Black "Khusnutdinova, Alsu"]
[Result "1/2-1/2"]
[WhiteElo "2141"]
[BlackElo "2133"]
[PlyCount "106"]
[EventDate "2015.08.??"]
[EventType "team-swiss"]
[WhiteClock "0:23:36"]
[BlackClock "0:02:10"]

1. e4 e5 2. Nf3 Nc6 3. Bc4 Bc5 4. c3 Nf6 5. d3 O-O 6. Bb3 d5 7. Qe2 h6 8. h3
Re8 9. Nbd2 dxe4 10. dxe4 Qe7 11. g4 Be6 12. Bc2 Nh7 13. Nf1 Nf8 14. Ng3 Ng6
15. Nf5 Bxf5 16. gxf5 Nf4 17. Bxf4 exf4 18. O-O-O Ne5 19. Rhg1 Nxf3 20. Qxf3
Bd6 21. Qh5 Qf6 22. Bb3 Kf8 23. Rd4 Re7 24. Rgd1 Rae8 25. Qf3 b5 26. Bd5 Be5
27. R4d2 a5 28. a3 Qb6 29. Bb3 b4 30. cxb4 axb4 31. a4 Bf6 32. Kb1 Qc6 33. Rc2
Qa8 34. Qxf4 Rxe4 35. Qxc7 R4e7 36. Qc5 Qf3 37. Qd5 Qxd1+ 38. Qxd1 Re1 39. Qxe1
Rxe1+ 40. Ka2 Re5 41. Rc4 Re2 42. Bc2 Ke7 43. a5 Re5 44. Kb3 Rxa5 45. Kxb4 Rd5
46. b3 Rd4 47. Kc5 Rxc4+ 48. bxc4 Bh4 49. f3 Bg3 50. Kc6 h5 51. c5 Kd8 52. Bb3
f6 53. Kb7 h4 1/2-1/2

[Event "Team Russia"]
[Site "Petergof"]
[Date "2015.08.03"]
[Round "3.9"]
[White "Kruzhilin, Aleksey"]
[Black "Zenzera, Alexey"]
[Result "0-1"]
[WhiteElo "2141"]
[BlackElo "2446"]
[PlyCount "140"]
[EventDate "2015.08.??"]
[EventType "team-swiss"]
[WhiteClock "0:01:42"]
[BlackClock "0:03:26"]

1. d4 Nf6 2. c4 e6 3. g3 d5 4. Nf3 Be7 5. Bg2 O-O 6. O-O b6 7. Ne5 Bb7 8. Nc3
Nbd7 9. Qa4 c6 10. Nxc6 Bxc6 11. Qxc6 Rc8 12. Qa4 Rxc4 13. Qxa7 Rxd4 14. e3 Rc4
15. Rd1 Qc8 16. Bf1 Rc7 17. Qa4 Nc5 18. Qb5 h5 19. Bd2 h4 20. Be1 Ncd7 21. Bg2
Qb7 22. Rd4 hxg3 23. hxg3 Rc5 24. Qb3 Ne5 25. Rad1 Ng6 26. e4 e5 27. Rxd5 Nxd5
28. exd5 Qd7 29. Qxb6 Rfc8 30. d6 Bd8 31. Qb3 Rc4 32. Bb7 Qh3 33. Bxc8 Rxc8 34.
Qd5 Bb6 35. Qg2 Qg4 36. Rd5 Bd4 37. Kh2 f5 38. Bd2 Kf7 39. d7 Rh8+ 40. Kg1 Ke7
41. Be3 Bxe3 42. fxe3 Rd8 43. Kf2 e4 44. Ke1 Nh4 45. Qf2 Nf3+ 46. Kd1 Rxd7 47.
Rxd7+ Kxd7 48. Kc2 Qg6 49. a4 Qd6 50. Qe2 Qxg3 51. Qb5+ Ke6 52. Qe8+ Kf6 53.
Nd5+ Kg5 54. Qe7+ Kh6 55. Qe6+ g6 56. Kb1 Qe1+ 57. Ka2 Nd2 58. Qf6 Qb1+ 59. Ka3
Qd3+ 60. Nc3 Kh5 61. Qh8+ Kg5 62. Qd4 Qxd4 63. exd4 f4 64. a5 f3 65. Nd1 Kf4
66. Kb4 e3 67. a6 f2 68. Nxe3 Kxe3 69. a7 f1=Q 70. a8=Q Qc4+ 0-1

[Event "Team Russia"]
[Site "Petergof"]
[Date "2015.08.03"]
[Round "3.10"]
[White "Timerkhanov, Alexander"]
[Black "Karpenko, Artem"]
[Result "0-1"]
[WhiteElo "2302"]
[BlackElo "2276"]
[PlyCount "84"]
[EventDate "2015.08.??"]
[EventType "team-swiss"]
[WhiteClock "0:01:35"]
[BlackClock "0:02:13"]

1. d4 d5 2. c4 c6 3. Nf3 Nf6 4. Nc3 a6 5. a4 e6 6. Bg5 Nbd7 7. e3 Qa5 8. Nd2
Bb4 9. Qc2 dxc4 10. Bxf6 Nxf6 11. Nxc4 Qc7 12. Be2 c5 13. Qb3 O-O 14. O-O Bd7
15. dxc5 Bxc5 16. a5 Bc6 17. Na4 Be7 18. Nab6 Rad8 19. Rac1 Ne4 20. Qc2 f5 21.
f3 Nf6 22. Qb3 Nd5 23. f4 Bc5 24. Kh1 Qe7 25. Nxd5 Bxd5 26. Bf3 Bxf3 27. Rxf3
Rd5 28. Qc2 Rfd8 29. e4 fxe4 30. Qxe4 Rd1+ 31. Rf1 R8d4 32. Qc2 Rxc1 33. Qxc1
Qd7 34. Ne5 Qd5 35. Nf3 Rd3 36. h3 h6 37. Qc2 Bd6 38. Qc8+ Kh7 39. Qc2 Kg8 40.
Qc8+ Kh7 41. Qc2 Qf5 42. Ng1 Rxh3+ 0-1

[Event "Team Russia"]
[Site "Petergof"]
[Date "2015.08.03"]
[Round "3.11"]
[White "Guliev, Gasan"]
[Black "Chernyak, Viktoria"]
[Result "1-0"]
[WhiteElo "2053"]
[BlackElo "2276"]
[PlyCount "63"]
[EventDate "2015.08.??"]
[EventType "team-swiss"]
[WhiteClock "0:42:35"]
[BlackClock "0:28:55"]

1. d4 Nf6 2. c4 d6 3. Nf3 Nbd7 4. Bf4 c6 5. Nc3 g6 6. h3 Bg7 7. e3 Qa5 8. Qc2
e5 9. Bh2 O-O 10. Be2 Ne8 11. O-O f5 12. Rab1 Qd8 13. b4 e4 14. Nd2 Ndf6 15. c5
Be6 16. Nc4 Bxc4 17. Bxc4+ Kh8 18. Na4 b5 19. cxb6 axb6 20. b5 d5 21. Be2 cxb5
22. Rxb5 Nd6 23. Rxb6 Rxa4 24. Bxd6 Re8 25. Rb8 Qa5 26. Rxe8+ Nxe8 27. Qc8 Qa8
28. Bb8 Bf6 29. Qxe8+ Kg7 30. Rc1 Ra7 31. Rc8 Rf7 32. Qg8+ 1-0

[Event "Team Russia"]
[Site "Petergof"]
[Date "2015.08.03"]
[Round "3.12"]
[White "Styazhkina, Anna"]
[Black "Protopopova, Anastasiya"]
[Result "1-0"]
[WhiteElo "2262"]
[BlackElo "2177"]
[PlyCount "77"]
[EventDate "2015.08.??"]
[EventType "team-swiss"]
[WhiteClock "0:09:46"]
[BlackClock "0:00:45"]

1. e4 e5 2. Nf3 Nc6 3. Bb5 a6 4. Ba4 Nf6 5. O-O Be7 6. Re1 b5 7. Bb3 d6 8. c3
O-O 9. h3 Na5 10. Bc2 d5 11. exd5 e4 12. d6 Bxd6 13. Ng5 Re8 14. Nxe4 Nxe4 15.
Bxe4 Rxe4 16. Rxe4 Bb7 17. Re1 Qg5 18. Qg4 Qd5 19. d4 f5 20. Qg5 Nc4 21. b3 Nb6
22. f3 Qf7 23. Bf4 Bf8 24. Be5 h6 25. Qg3 Nd5 26. a4 f4 27. Qf2 Ne3 28. axb5
axb5 29. Rxa8 Bxa8 30. Nd2 Bd5 31. Nf1 Nxf1 32. Qxf1 c6 33. b4 Bb3 34. Qe2 g5
35. Ra1 Ba4 36. Re1 Bb3 37. Bb8 Qb7 38. Qe8 Qf7 39. Qxc6 1-0

[Event "Team Russia"]
[Site "Petergof"]
[Date "2015.08.03"]
[Round "3.13"]
[White "Kukhmazov, Arsen"]
[Black "Morozov, Egor"]
[Result "1/2-1/2"]
[WhiteElo "2426"]
[BlackElo "2262"]
[PlyCount "120"]
[EventDate "2015.08.??"]
[EventType "team-swiss"]

1. d4 Nf6 2. c4 g6 3. g3 Bg7 4. Bg2 O-O 5. Nc3 d6 6. Nf3 Nc6 7. O-O e5 8. d5
Ne7 9. e4 Nd7 10. Ne1 f5 11. Nd3 Nf6 12. Bg5 Nxe4 13. Nxe4 fxe4 14. Bxe4 Bf5
15. f3 h6 16. Be3 Qd7 17. Qe2 g5 18. Nf2 Rf7 19. Kg2 Raf8 20. Rac1 c5 21. b4 b6
22. bxc5 dxc5 23. Rcd1 Bxe4 24. Nxe4 Nf5 25. Rfe1 Nd4 26. Bxd4 exd4 27. Nd2 b5
28. Qe6 bxc4 29. Nxc4 Qxe6 30. dxe6 Re7 31. Re4 Rd8 32. f4 gxf4 33. gxf4 Kh7
34. f5 Bf6 35. Kf3 h5 36. Re2 d3 37. Re3 Rd5 38. Rdxd3 Rxf5+ 39. Ke4 Rg5 40.
Rd7 Kg6 41. Rxe7 Bxe7 42. Ne5+ Kf6 43. Nc6 Rg2 44. h3 Rxa2 45. Kd5 Rd2+ 46. Kc4
Rc2+ 47. Kb5 Rb2+ 48. Kc4 Rc2+ 49. Kb3 Rf2 50. Nxa7 h4 51. Nc8 Rf4 52. Kc3 Ra4
53. Kb3 Rf4 54. Kc2 Rf2+ 55. Kd1 Rf1+ 56. Ke2 Rf4 57. Nb6 Rd4 58. Nc8 Rf4 59.
Nb6 Rd4 60. Nd7+ Kf5 1/2-1/2